[Event "BL2-West 2223"]
[Site "Germany"]
[Date "2023.02.25"]
[Round "7.6"]
[White "Hainke, Guntram"]
[Black "Schaffer, Hendrik"]
[Result "0-1"]
[WhiteElo "2286"]
[BlackElo "2220"]
[PlyCount "114"]
[EventDate "2022.10.22"]
[EventType "team-tourn"]
[EventRounds "10"]
[EventCountry "GER"]
[SourceTitle "EXT 2024"]
[Source "ChessBase"]
[SourceDate "2023.10.10"]
[SourceVersion "1"]
[SourceVersionDate "2023.10.10"]
[SourceQuality "1"]
[WhiteTeam "Duesseldorf"]
[BlackTeam "Neuberg"]
[WhiteTeamCountry "GER"]
[BlackTeamCountry "GER"]

1. d4 Nf6 2. c4 g6 3. Nc3 Bg7 4. e4 d6 5. Be2 0-0 6. Nf3 e5 7. 0-0 Bg4 8. Be3 Bxf3 9. Bxf3 exd4 10. Bxd4 Nc6 11. Be3 Re8 12. Rc1 Nd7 13. b3 Nc5 14. Bxc5 dxc5 15. Qxd8 Raxd8 16. Nd5 Be5 17. Rfd1 Nd4 18. h3 c6 19. Ne3 h5 20. Kf1 Bf4 21. Re1 a5 22. Rb1 Kf8 23. Rb2 Be5 24. Rbb1 Ke7 25. Be2 Bf4 26. Bd3 Bxe3 27. Rxe3 g5 28. Be2 h4 29. Bg4 Kd6 30. Rb2 f6 31. Rd2 Re7 32. f3 Ke5 33. Kf2 Kf4 34. Red3 b6 35. Rd1 Ra8 36. Rb1 Ke5 37. Rbd1 Rb7 38. Rb1 a4 39. b4 cxb4 40. Rxb4 c5 41. Rb2 a3 42. Rbd2 Ra4 43. Rc3 Re7 44. g3 hxg3+ 45. Kxg3 Rb4 46. h4 Rb2 47. Rcd3 gxh4+ 48. Kxh4 Kf4 49. Kh5 Rg7 50. Kh6 Rg5 51. Bh5 Rg1 52. Bg6 Nxf3 53. Rd1 Rxd1 54. Rxd1 Rxa2 55. Kg7 Nd2 56. Re1 Ke5 57. Re2 Rb2 0-1

[Event "Bundesliga 2122"]
[Site "Germany"]
[Date "2022.05.14"]
[Round "7.8"]
[White "Hainke, Guntram"]
[Black "Radovanovic, Nikola"]
[Result "1/2-1/2"]
[WhiteElo "2302"]
[BlackElo "2419"]
[PlyCount "44"]
[EventDate "2022.03.05"]
[EventType "team-tourn"]
[EventRounds "15"]
[EventCountry "GER"]
[SourceTitle "EXT 2023"]
[Source "ChessBase"]
[SourceDate "2022.10.05"]
[SourceVersion "1"]
[SourceVersionDate "2022.10.05"]
[SourceQuality "1"]
[WhiteTeam "Duesseldorf"]
[BlackTeam "Muenchen 36"]
[WhiteTeamCountry "GER"]
[BlackTeamCountry "GER"]

1. d4 Nf6 2. c4 g6 3. Nc3 Bg7 4. e4 d6 5. Be2 0-0 6. Nf3 Nbd7 7. 0-0 e5 8. Re1 c6 9. Rb1 a5 10. Bf1 exd4 11. Nxd4 Nc5 12. f3 Re8 13. Be3 Qc7 14. Qd2 Nfd7 15. Kh1 Ne5 16. Nb3 Be6 17. Nxc5 dxc5 18. b3 Rad8 19. Qc2 Nd7 20. Rbd1 f5 21. Bg5 Ra8 22. exf5 Bxf5 1/2-1/2

[Event "BEL-chT 2122"]
[Site "Belgium"]
[Date "2022.05.01"]
[Round "5.7"]
[White "Hainke, Guntram"]
[Black "Beukema, Constantijn"]
[Result "1-0"]
[WhiteElo "2300"]
[BlackElo "1775"]
[PlyCount "35"]
[EventDate "2021.10.24"]
[EventType "team-tourn"]
[EventRounds "11"]
[EventCountry "BEL"]
[SourceTitle "EXT 2023"]
[Source "ChessBase"]
[SourceDate "2022.10.05"]
[SourceVersion "1"]
[SourceVersionDate "2022.10.05"]
[SourceQuality "1"]
[WhiteTeam "KSK Rochade"]
[BlackTeam "Brasschaat"]
[WhiteTeamCountry "BEL"]
[BlackTeamCountry "BEL"]

1. d4 Nf6 2. c4 d5 3. cxd5 Nxd5 4. Nf3 Nc6 5. e4 Nf6 6. Nc3 e6 7. Bb5 Bd7 8. 0-0 Bb4 9. Bd3 Bxc3 10. bxc3 Qe7 11. a4 0-0-0 12. Ba3 Qe8 13. Qb3 Na5 14. Qb4 b6 15. Rfb1 Bxa4 16. Qxa5 bxa5 17. Ba6+ Kd7 18. Ne5# 1-0

[Event "BL2-West 1920"]
[Site "Germany"]
[Date "2019.12.08"]
[Round "4.8"]
[White "Bohn, Thomas"]
[Black "Hainke, Guntram"]
[Result "1/2-1/2"]
[WhiteElo "2329"]
[BlackElo "2332"]
[PlyCount "39"]
[EventDate "2019.09.19"]
[EventType "team-tourn"]
[EventRounds "9"]
[EventCountry "GER"]
[SourceTitle "EXT 2023"]
[Source "ChessBase"]
[SourceDate "2022.10.05"]
[SourceVersion "1"]
[SourceVersionDate "2022.10.05"]
[SourceQuality "1"]
[WhiteTeam "Koblenz SV"]
[BlackTeam "Duesseldorf"]
[WhiteTeamCountry "GER"]
[BlackTeamCountry "GER"]

1. f4 d5 2. Nf3 Nf6 3. e3 g6 4. Be2 Bg7 5. 0-0 0-0 6. d3 c5 7. Qe1 Nc6 8. a4 b6 9. Na3 Bb7 10. c3 Re8 11. Ne5 e6 12. Bf3 Nd7 13. Nxd7 Qxd7 14. e4 Na5 15. Rb1 c4 16. dxc4 dxe4 17. Bxe4 Qxa4 18. b4 Bxe4 19. Qxe4 Qc6 20. Qf3 1/2-1/2

[Event "Haarlem Masters"]
[Site "Haarlem"]
[Date "2019.10.19"]
[Round "1"]
[White "Hainke, Guntram"]
[Black "Lopez, Jasel"]
[Result "1/2-1/2"]
[WhiteElo "2365"]
[BlackElo "2409"]
[PlyCount "104"]
[EventDate "2019.10.19"]
[EventType "tourn"]
[EventRounds "9"]
[EventCountry "NED"]
[EventCategory "4"]
[SourceTitle "CBM 192 Extra"]
[Source "Chessbase"]
[SourceDate "2019.11.06"]
[SourceVersion "1"]
[SourceVersionDate "2019.11.06"]
[SourceQuality "1"]

1. d4 e6 2. c4 Nf6 3. Nc3 Bb4 4. e3 0-0 5. Bd2 d5 6. Rc1 b6 7. Nf3 Bb7 8. cxd5 exd5 9. a3 Be7 10. Bd3 Nbd7 11. 0-0 a6 12. Ne5 c5 13. f4 Ne4 14. Be1 Nxe5 15. dxe5 Nxc3 16. Bxc3 d4 17. exd4 cxd4 18. Bd2 Qd5 19. Qe2 b5 20. Rc2 f6 21. Bb4 Bxb4 22. axb4 fxe5 23. Rc5 Qd7 24. Rxe5 Rae8 25. Re1 Rxe5 26. Qxe5 Qg4 27. g3 Qf3 28. Be4 Bxe4 29. Qe6+ Kh8 30. Qxe4 Qxe4 31. Rxe4 Rd8 32. Kf2 d3 33. Ke1 d2+ 34. Kd1 Kg8 35. Re2 Rd4 36. Rxd2 Rxb4 37. Kc1 a5 38. Rd7 a4 39. Rb7 h5 40. Rc7 h4 41. Rc5 hxg3 42. hxg3 Rb3 43. g4 Rb4 44. f5 Rxg4 45. Rxb5 Rf4 46. Kd2 Kh7 47. Ke3 Rf1 48. Rb4 Rxf5 49. Rxa4 g5 50. Ra6 g4 51. Ra4 Rf3+ 52. Ke2 Rb3 1/2-1/2

[Event "Bundesliga 1819"]
[Site "Germany"]
[Date "2019.04.06"]
[Round "14.7"]
[White "Heimann, Andreas"]
[Black "Hainke, Guntram"]
[Result "1/2-1/2"]
[WhiteElo "2601"]
[BlackElo "2344"]
[PlyCount "83"]
[EventDate "2018.11.10"]
[EventType "team-tourn"]
[EventRounds "15"]
[EventCountry "GER"]
[SourceTitle "CBM 189 Extra"]
[Source "ChessBase"]
[SourceDate "2019.06.03"]
[SourceVersion "1"]
[SourceVersionDate "2019.06.03"]
[SourceQuality "1"]
[WhiteTeam "Deizisau"]
[BlackTeam "Duesseldorf"]
[WhiteTeamCountry "GER"]
[BlackTeamCountry "GER"]

1. c4 c6 2. d4 d5 3. Nf3 Nf6 4. Nc3 e6 5. e3 a6 6. c5 Nbd7 7. b4 g6 8. Bd3 Bg7 9. Bb2 0-0 10. h3 Re8 11. Na4 Ne4 12. Bxe4 dxe4 13. Nd2 f5 14. Nc4 Rb8 15. Qb3 Re7 16. 0-0-0 Nf6 17. f3 Bd7 18. Nd6 Be8 19. Nb6 Nd5 20. Nbc4 b6 21. fxe4 fxe4 22. Nxe4 bxc5 23. dxc5 Reb7 24. Nb6 Qh4 25. Nd6 Bxb2+ 26. Kxb2 Nxb6 27. cxb6 Qf6+ 28. Qc3 Qxc3+ 29. Kxc3 Rxb6 30. Rhf1 g5 31. Ne4 Rb5 32. Nf6+ Kg7 33. Nxe8+ Rxe8 34. Rd7+ Kg6 35. g4 c5 36. bxc5 Rc8 37. Rd6 Rcxc5+ 38. Kd4 Rd5+ 39. Rxd5 Rxd5+ 40. Kc4 Ra5 41. Rf2 h5 42. Kd4 1/2-1/2

[Event "NRW Class2 1819"]
[Site "Germany"]
[Date "2019.01.13"]
[Round "5.2"]
[White "Hainke, Guntram"]
[Black "Eckardt, Joshua"]
[Result "1/2-1/2"]
[WhiteElo "2319"]
[BlackElo "2237"]
[PlyCount "34"]
[EventDate "2018.09.16"]
[EventType "team-tourn"]
[EventRounds "9"]
[EventCountry "GER"]
[SourceTitle "EXT 2022"]
[Source "ChessBase"]
[SourceDate "2021.10.06"]
[SourceVersion "1"]
[SourceVersionDate "2021.10.06"]
[SourceQuality "1"]
[WhiteTeam "Duesseldorf II"]
[BlackTeam "Iserlohn Koenigsspringer"]
[WhiteTeamCountry "GER"]
[BlackTeamCountry "GER"]

1. d4 Nf6 2. c4 g6 3. Nf3 Bg7 4. Nc3 d5 5. cxd5 Nxd5 6. e4 Nxc3 7. bxc3 c5 8. Be3 Qa5 9. Qd2 Nc6 10. Rb1 a6 11. Rc1 f5 12. e5 f4 13. Bxf4 Bg4 14. Be2 Rd8 15. d5 Bxf3 16. Bxf3 Nxe5 17. Bxe5 Bxe5 1/2-1/2

[Event "Bundesliga 1819"]
[Site "Germany"]
[Date "2018.12.16"]
[Round "6.7"]
[White "Wagner, Dennis"]
[Black "Hainke, Guntram"]
[Result "1-0"]
[WhiteElo "2576"]
[BlackElo "2344"]
[PlyCount "87"]
[EventDate "2018.11.10"]
[EventType "team-tourn"]
[EventRounds "15"]
[EventCountry "GER"]
[SourceTitle "CBM 187 Extra"]
[Source "ChessBase"]
[SourceDate "2018.11.04"]
[SourceVersion "1"]
[SourceVersionDate "2018.11.04"]
[SourceQuality "1"]
[WhiteTeam "Hockenheim"]
[BlackTeam "Duesseldorf"]
[WhiteTeamCountry "GER"]
[BlackTeamCountry "GER"]

1. e4 Nf6 2. e5 Nd5 3. d4 d6 4. c4 Nb6 5. exd6 exd6 6. Nc3 Be7 7. Bd3 0-0 8. Nge2 Na6 9. 0-0 c6 10. a3 Re8 11. Qc2 g6 12. Bh6 Be6 13. b3 d5 14. c5 Nd7 15. f4 Bf8 16. Bg5 f6 17. Bh4 Bf7 18. f5 g5 19. Bf2 Nc7 20. b4 b6 21. Nc1 Re7 22. Nb3 Ne8 23. Rfc1 bxc5 24. bxc5 Ng7 25. h4 Nh5 26. Ne2 Nf4 27. Nxf4 gxf4 28. Re1 Rxe1+ 29. Bxe1 Bh6 30. Qf2 Rb8 31. Ba5 Qc8 32. Bc2 Bh5 33. Re1 Nf8 34. g4 fxg3 35. Qxg3+ Kh8 36. Re7 Rb7 37. Bc7 Nd7 38. Bf4 Bf8 39. Re6 Bf7 40. Re2 Nb8 41. Rg2 Qd8 42. Bd1 Na6 43. Kh2 Nb8 44. Bh5 1-0

[Event "NRW Class2 1819"]
[Site "Germany"]
[Date "2018.10.14"]
[Round "2.3"]
[White "Hainke, Guntram"]
[Black "Wessendorf, Thomas"]
[Result "1/2-1/2"]
[WhiteElo "2319"]
[BlackElo "2204"]
[PlyCount "94"]
[EventDate "2018.09.16"]
[EventType "team-tourn"]
[EventRounds "9"]
[EventCountry "GER"]
[SourceTitle "EXT 2022"]
[Source "ChessBase"]
[SourceDate "2021.10.06"]
[SourceVersion "1"]
[SourceVersionDate "2021.10.06"]
[SourceQuality "1"]
[WhiteTeam "Duesseldorf II"]
[BlackTeam "Essen Katernberg"]
[WhiteTeamCountry "GER"]
[BlackTeamCountry "GER"]

1. d4 g6 2. c4 Bg7 3. e4 Nc6 4. Be3 e5 5. d5 Nd4 6. Bxd4 exd4 7. Bd3 c5 8. Nf3 d6 9. 0-0 Nh6 10. b4 b6 11. bxc5 bxc5 12. Qa4+ Bd7 13. Qa3 0-0 14. Nbd2 Qc7 15. Rab1 Rfb8 16. Rb3 Rxb3 17. axb3 a5 18. h3 f6 19. Bc2 Qb6 20. Ra1 Nf7 21. Ne1 Bh6 22. Ndf3 Ne5 23. Bd1 Nxf3+ 24. Nxf3 Qd8 25. Bc2 Qe8 26. Bd3 Qb8 27. Bc2 Bf4 28. Bd3 Kf7 29. g3 Bh6 30. Kh2 Qc8 31. Bf1 Qb7 32. Bd3 Ra6 33. Bc2 Bc8 34. Bd3 Qd7 35. Bf1 Qb7 36. Bd3 Bg7 37. Ra2 h5 38. Qb2 a4 39. Bc2 Qb4 40. bxa4 Qxc4 41. Qb3 Qf1 42. Bd3 Qxh3+ 43. Kg1 Ra7 44. e5 dxe5 45. Nh4 Rb7 46. Bxg6+ Kg8 47. Qc2 f5 1/2-1/2

[Event "Eupen"]
[Site "Eupen"]
[Date "2018.08.21"]
[Round "4"]
[White "Boidman, Yuri"]
[Black "Hainke, Guntram"]
[Result "1/2-1/2"]
[WhiteElo "2373"]
[BlackElo "2342"]
[PlyCount "47"]
[EventDate "2018.08.18"]
[EventType "tourn"]
[EventRounds "9"]
[EventCountry "BEL"]
[EventCategory "4"]
[SourceTitle "CBM 186 Extra"]
[Source "ChessBase"]
[SourceDate "2018.08.24"]
[SourceVersion "1"]
[SourceVersionDate "2018.08.24"]
[SourceQuality "1"]

1. c4 c6 2. e4 d5 3. exd5 cxd5 4. cxd5 Nf6 5. Qa4+ Nbd7 6. Nc3 g6 7. Nf3 Bg7 8. Qb3 0-0 9. Bc4 b5 10. Bxb5 Nb6 11. Ne5 Nfxd5 12. Nc6 Qc7 13. Nxd5 Nxd5 14. Qxd5 Bb7 15. d4 Rac8 16. Be3 Rfd8 17. Qc5 Bxc6 18. Bxc6 Qxc6 19. Qxc6 Rxc6 20. Rc1 Ra6 21. a3 Bxd4 22. Rd1 e5 23. Ke2 Rb8 24. Bxd4 1/2-1/2

[Event "Karlsruhe Grenke op"]
[Site "Karlsruhe"]
[Date "2018.03.30"]
[Round "3"]
[White "Hainke, Guntram"]
[Black "Lobron, Eric"]
[Result "0-1"]
[WhiteElo "2338"]
[BlackElo "2503"]
[PlyCount "72"]
[EventDate "2018.03.29"]
[EventType "swiss"]
[EventRounds "9"]
[EventCountry "GER"]
[SourceTitle "CBM 183 Extra"]
[Source "ChessBase"]
[SourceDate "2018.04.19"]
[SourceVersion "1"]
[SourceVersionDate "2018.04.19"]
[SourceQuality "1"]

1. d4 Nf6 2. c4 e6 3. Nc3 Bb4 4. e3 0-0 5. Nge2 d5 6. a3 Bd6 7. Ng3 c5 8. dxc5 Bxc5 9. b4 Bb6 10. Bb2 Nc6 11. Be2 d4 12. exd4 Bxd4 13. 0-0 e5 14. Qc2 Be6 15. Rad1 Qe7 16. Nf5 Bxf5 17. Qxf5 a5 18. b5 Nd8 19. Bf3 Ne6 20. Rfe1 Rad8 21. Qc2 Qc7 22. Rc1 Qxc4 23. a4 Nc5 24. Ba3 Nd3 25. Be2 Nxe1 26. Bxc4 Nxc2 27. Bxf8 Kxf8 28. Rxc2 Bxc3 29. Rxc3 Ne4 30. Rd3 Rd4 31. Rxd4 exd4 32. b6 Nc3 33. Ba6 Nxa4 34. Bxb7 Nxb6 35. Kf1 a4 36. Be4 a3 0-1

[Event "BL2-West 1718"]
[Site "Germany"]
[Date "2017.10.22"]
[Round "2.8"]
[White "Zolfagharian, Kevin"]
[Black "Hainke, Guntram"]
[Result "1/2-1/2"]
[WhiteElo "2156"]
[BlackElo "2277"]
[PlyCount "29"]
[EventDate "2017.10.08"]
[EventType "team-tourn"]
[EventRounds "9"]
[EventCountry "GER"]
[SourceTitle "CBM 183 Extra"]
[Source "ChessBase"]
[SourceDate "2018.04.19"]
[SourceVersion "1"]
[SourceVersionDate "2018.04.19"]
[SourceQuality "1"]
[WhiteTeam "Solingen"]
[BlackTeam "Duesseldorf"]
[WhiteTeamCountry "GER"]
[BlackTeamCountry "GER"]

1. e4 e6 2. Nf3 d5 3. Nc3 d4 4. Ne2 c5 5. Ng3 a6 6. Be2 Nc6 7. d3 Nf6 8. 0-0 Be7 9. Ne1 b5 10. f4 0-0 11. f5 Bd6 12. Bg5 Bxg3 13. hxg3 exf5 14. Bf3 Ne5 15. exf5 1/2-1/2

[Event "BL2-West 1617"]
[Site "Germany"]
[Date "2017.05.08"]
[Round "9.7"]
[White "Kotter, Ralf"]
[Black "Hainke, Guntram"]
[Result "1-0"]
[WhiteElo "2377"]
[BlackElo "2290"]
[PlyCount "111"]
[EventDate "2016.10.16"]
[EventType "team-tourn"]
[EventRounds "9"]
[EventCountry "GER"]
[SourceTitle "EXT 2018"]
[Source "ChessBase"]
[SourceDate "2017.10.13"]
[SourceVersion "1"]
[SourceVersionDate "2017.10.13"]
[SourceQuality "1"]
[WhiteTeam "Dortmund Hansa"]
[BlackTeam "Duesseldorf"]
[WhiteTeamCountry "GER"]
[BlackTeamCountry "GER"]

1. e4 e6 2. d4 d5 3. e5 c5 4. c3 Nc6 5. Nf3 Bd7 6. a3 f6 7. Bb5 Qc7 8. Bxc6 Bxc6 9. 0-0 0-0-0 10. Re1 Bd7 11. dxc5 Bxc5 12. b4 Be7 13. Qd4 Qb6 14. Qxb6 axb6 15. a4 Kc7 16. Be3 Nh6 17. exf6 Bxf6 18. Bf4+ Kc8 19. Nbd2 Nf7 20. a5 b5 21. Ne5 Nxe5 22. Bxe5 Bxe5 23. Rxe5 Rhf8 24. Nb3 Kc7 25. Nc5 Rde8 26. Rae1 Rf6 27. R1e3 h6 28. h4 Kc6 29. g3 Bc8 30. Nb3 Kd6 31. f4 Bd7 32. Nc5 Bc8 33. Kf2 Ref8 34. Ke2 R8f7 35. Kd3 Rf5 36. Kd4 Rxe5 37. Rxe5 Rf6 38. Nd3 Rf7 39. g4 Rc7 40. Nc5 Rf7 41. Ke3 Rc7 42. g5 Rf7 43. Nd3 Rc7 44. gxh6 gxh6 45. Rh5 Rxc3 46. Rxh6 Ke7 47. Kd2 d4 48. Ne5 Kd6 49. Nd3 Ke7 50. Rh5 Bd7 51. Re5 Kd6 52. Nc5 Rh3 53. h5 Bc6 54. Nxe6 Bd5 55. Nxd4 Rh2+ 56. Ke3 1-0

[Event "Pfalz op-A 8th"]
[Site "Neustadt an der Weinstrasse"]
[Date "2017.02.26"]
[Round "5"]
[White "Kunin, Vitaly L"]
[Black "Hainke, Guntram"]
[Result "1-0"]
[WhiteElo "2569"]
[BlackElo "2290"]
[PlyCount "69"]
[EventDate "2017.02.24"]
[EventType "swiss"]
[EventRounds "9"]
[EventCountry "GER"]
[SourceTitle "CBM 177 Extra"]
[Source "ChessBase"]
[SourceDate "2017.04.27"]
[SourceVersion "1"]
[SourceVersionDate "2017.04.27"]
[SourceQuality "1"]

1. d4 Nf6 2. c4 g6 3. Nc3 Bg7 4. e4 d6 5. h3 0-0 6. Bg5 c5 7. d5 h6 8. Be3 e6 9. Bd3 exd5 10. exd5 a6 11. a4 Nbd7 12. Nf3 Re8 13. 0-0 Nh5 14. Qd2 Kh7 15. Rfe1 b6 16. g4 Ne5 17. Nxe5 Rxe5 18. gxh5 Rxh5 19. Bf1 Bxh3 20. Bxh3 Rxh3 21. Bf4 Qh4 22. Kg2 Be5 23. Rxe5 dxe5 24. Bxe5 Qg4+ 25. Bg3 Rh5 26. Rh1 Rxh1 27. Kxh1 Qxc4 28. d6 Re8 29. Kg2 b5 30. axb5 axb5 31. Qd5 Kg7 32. Qxc4 bxc4 33. Ne4 Kf8 34. d7 Rd8 35. Bd6+ 1-0

[Event "BL2-West 1617"]
[Site "Germany"]
[Date "2017.02.19"]
[Round "6.8"]
[White "Weber, Ulrich"]
[Black "Hainke, Guntram"]
[Result "1-0"]
[WhiteElo "2375"]
[BlackElo "2290"]
[PlyCount "141"]
[EventDate "2016.10.16"]
[EventType "team-tourn"]
[EventRounds "9"]
[EventCountry "GER"]
[SourceTitle "EXT 2018"]
[Source "ChessBase"]
[SourceDate "2017.10.13"]
[SourceVersion "1"]
[SourceVersionDate "2017.10.13"]
[SourceQuality "1"]
[WhiteTeam "Hofheim"]
[BlackTeam "Duesseldorf"]
[WhiteTeamCountry "GER"]
[BlackTeamCountry "GER"]

1. Nf3 Nf6 2. g3 d5 3. Bg2 c6 4. d3 Bg4 5. Nbd2 Nbd7 6. 0-0 e5 7. e4 dxe4 8. dxe4 Bc5 9. h3 Bh5 10. Qe1 0-0 11. Nc4 Re8 12. a4 Nb6 13. Na5 Rb8 14. Bg5 h6 15. Bc1 Qe7 16. Nb3 Bb4 17. Bd2 Bxd2 18. Nfxd2 Nfd7 19. Qe3 Qg5 20. Qc3 Nf8 21. a5 Nbd7 22. Rfe1 Ne6 23. a6 b6 24. Qxc6 Ndc5 25. h4 Qe7 26. Qb5 Rbc8 27. c3 Red8 28. Re3 g5 29. hxg5 Nxg5 30. Nf1 Qe6 31. Nbd2 f6 32. b4 Nb3 33. Nxb3 Qxb3 34. Qa4 Qxa4 35. Rxa4 Rd1 36. f3 Be8 37. Ra2 Bb5 38. Kf2 Rc1 39. f4 Ne6 40. Bh3 Kf7 41. fxe5 fxe5 42. Rf3+ Ke7 43. Ne3 Rf8 44. Bxe6 Rxf3+ 45. Kxf3 Kxe6 46. Rh2 Rxc3 47. Rxh6+ Kf7 48. Rh7+ Kg6 49. Rxa7 Ra3 50. Rb7 Rxa6 51. Re7 Ra4 52. Nd5 Ra3+ 53. Kg4 Be2+ 54. Kh4 Ra1 55. Re6+ Kf7 56. Rxe5 b5 57. Re7+ Kf8 58. Rb7 Bf3 59. Nf6 Re1 60. Rxb5 Bxe4 61. Nxe4 Rxe4+ 62. Kg5 Re6 63. Rb7 Rd6 64. g4 Rc6 65. b5 Rd6 66. Kh5 Kg8 67. g5 Re6 68. g6 Re1 69. g7 Rg1 70. b6 Rb1 71. Kg5 1-0

[Event "BL2-West 1617"]
[Site "Germany"]
[Date "2017.01.15"]
[Round "4.8"]
[White "Korotkjevich, Stanislav"]
[Black "Hainke, Guntram"]
[Result "0-1"]
[WhiteElo "2383"]
[BlackElo "2290"]
[PlyCount "36"]
[EventDate "2016.10.16"]
[EventType "team-tourn"]
[EventRounds "9"]
[EventCountry "GER"]
[SourceTitle "EXT 2018"]
[Source "ChessBase"]
[SourceDate "2017.10.13"]
[SourceVersion "1"]
[SourceVersionDate "2017.10.13"]
[SourceQuality "1"]
[WhiteTeam "Koeln Porz"]
[BlackTeam "Duesseldorf"]
[WhiteTeamCountry "GER"]
[BlackTeamCountry "GER"]

1. d4 Nf6 2. Nf3 g6 3. Bf4 Bg7 4. e3 d6 5. h3 0-0 6. Be2 Nbd7 7. 0-0 b6 8. Nbd2 Bb7 9. Bh2 c5 10. c3 Qc7 11. a4 a6 12. Qb3 Ne4 13. Nxe4 Bxe4 14. Ng5 Bb7 15. Bc4 e6 16. Bxe6 fxe6 17. Nxe6 Qc6 18. Nxf8+ c4 0-1

[Event "BL2-West 1617"]
[Site "Germany"]
[Date "2016.11.20"]
[Round "2.8"]
[White "Werthebach, Felix"]
[Black "Hainke, Guntram"]
[Result "1/2-1/2"]
[WhiteElo "2144"]
[BlackElo "2290"]
[PlyCount "77"]
[EventDate "2016.10.16"]
[EventType "team-tourn"]
[EventRounds "9"]
[EventCountry "GER"]
[SourceTitle "EXT 2018"]
[Source "ChessBase"]
[SourceDate "2017.10.13"]
[SourceVersion "1"]
[SourceVersionDate "2017.10.13"]
[SourceQuality "1"]
[WhiteTeam "Bochum"]
[BlackTeam "Duesseldorf"]
[WhiteTeamCountry "GER"]
[BlackTeamCountry "GER"]

1. c4 c6 2. g3 d5 3. Bg2 Nf6 4. Nf3 Bg4 5. 0-0 Nbd7 6. d4 e6 7. Bf4 Be7 8. Nbd2 0-0 9. h3 Bh5 10. Qb3 Qb6 11. Qxb6 axb6 12. a3 h6 13. g4 Bg6 14. Ne5 Nxe5 15. dxe5 Nd7 16. cxd5 exd5 17. e4 dxe4 18. Bxe4 Bxe4 19. Nxe4 Ra4 20. Rfe1 Nc5 21. Nxc5 Bxc5 22. Be3 Bxe3 23. Rxe3 Rd8 24. Rae1 Rd2 25. R1e2 Rxe2 26. Rxe2 Rd4 27. f3 Kf8 28. Kf2 Ke7 29. Ke3 Rd1 30. h4 Ke6 31. f4 g5 32. fxg5 hxg5 33. hxg5 Kxe5 34. Kf3+ Kd6 35. Ke4 Rg1 36. Kf4 Rf1+ 37. Ke4 Rg1 38. Kf4 Rf1+ 39. Ke4 1/2-1/2

[Event "Bayern-chI Bank Hofmann 20th"]
[Site "Bad Wiessee"]
[Date "2016.11.04"]
[Round "7"]
[White "Hainke, Guntram"]
[Black "Guo, Emma"]
[Result "1/2-1/2"]
[WhiteElo "2308"]
[BlackElo "2018"]
[PlyCount "116"]
[EventDate "2016.10.29"]
[EventType "swiss"]
[EventRounds "9"]
[EventCountry "GER"]
[SourceTitle "EXT 2018"]
[Source "ChessBase"]
[SourceDate "2017.10.13"]
[SourceVersion "1"]
[SourceVersionDate "2017.10.13"]
[SourceQuality "1"]

1. d4 Nf6 2. c4 g6 3. Nc3 d5 4. Nf3 Bg7 5. Qb3 dxc4 6. Qxc4 0-0 7. e4 Nbd7 8. Be2 c6 9. 0-0 Nb6 10. Qd3 Bg4 11. Rd1 Re8 12. Bf4 Nfd7 13. h3 Bxf3 14. Qxf3 e5 15. dxe5 Qe7 16. Qd3 Nxe5 17. Qc2 Rad8 18. Rxd8 Rxd8 19. Rd1 Nec4 20. Rxd8+ Qxd8 21. Bc1 Qd4 22. Qd3 Nd6 23. Kf1 Nbc4 24. f4 Nb6 25. e5 Nf5 26. g4 Qxd3 27. Bxd3 Ne7 28. Ne4 Nbd5 29. Ke2 f6 30. exf6 Nxf6 31. Kf3 Ned5 32. Bc4 Kf8 33. Nc5 b5 34. Bb3 Ke7 35. h4 Kd6 36. Ne4+ Nxe4 37. Kxe4 Nf6+ 38. Kf3 c5 39. g5 Nd5 40. Bc2 Ke6 41. h5 Ne7 42. b3 Nf5 43. Bd3 gxh5 44. Bf1 Nd6 45. Bh3+ Kd5 46. f5 Be5 47. f6 h6 48. gxh6 Bxf6 49. h7 c4 50. Bf1 a5 51. Bf4 cxb3 52. axb3 Nf5 53. Bg5 Nd4+ 54. Kg2 Bh8 55. Bd8 a4 56. bxa4 bxa4 57. Bd3 Ne6 58. Be7 Nc5 1/2-1/2

[Event "Oberliga NRW 1516"]
[Site "Germany"]
[Date "2016.05.08"]
[Round "9.3"]
[White "Marcziter, Dmitrii"]
[Black "Hainke, Guntram"]
[Result "1-0"]
[WhiteElo "2226"]
[BlackElo "2305"]
[PlyCount "133"]
[EventDate "2015.09.27"]
[EventType "team-tourn"]
[EventRounds "9"]
[EventCountry "GER"]
[SourceTitle "EXT 2017"]
[Source "ChessBase"]
[SourceDate "2016.10.25"]
[SourceVersion "1"]
[SourceVersionDate "2016.10.25"]
[SourceQuality "1"]
[WhiteTeam "Aachen Aufwaerts II"]
[BlackTeam "Duesseldorf"]
[WhiteTeamCountry "GER"]
[BlackTeamCountry "GER"]

1. d4 Nf6 2. c4 e6 3. Nf3 d5 4. Nc3 Be7 5. Bg5 h6 6. Bxf6 Bxf6 7. e3 0-0 8. Qb3 c6 9. Rd1 Nd7 10. Be2 Nb6 11. e4 Nxc4 12. Bxc4 dxc4 13. Qxc4 a5 14. 0-0 Qb6 15. Qe2 Rd8 16. e5 Be7 17. Rfe1 Bd7 18. Ne4 Be8 19. Rd3 a4 20. Qc2 Ra5 21. Rc1 Qa6 22. Rc3 a3 23. b3 Rad5 24. h3 Qb6 25. Rc4 Qa7 26. Ra4 Qb8 27. Rc4 Qa7 28. g4 b5 29. Rc3 Bb4 30. Re3 c5 31. Nxc5 Bxc5 32. dxc5 Bc6 33. g5 b4 34. gxh6 gxh6 35. Kh2 Kf8 36. Qh7 Rxc5 37. Qxh6+ Ke8 38. Rg1 Qe7 39. Rg8+ Kd7 40. Rxd8+ Kxd8 41. Qf4 Rd5 42. Re4 Rd3 43. Rd4+ Rxd4 44. Qxd4+ Ke8 45. Kg3 Bd5 46. Qb6 Kf8 47. Qd4 Ke8 48. h4 Qb7 49. Ng5 Qc7 50. Qf4 Bxb3 51. Ne4 Bxa2 52. Nd6+ Kd8 53. Qxb4 Bd5 54. Qxa3 Qb6 55. Nxf7+ Ke8 56. Nd6+ Kd8 57. Qc3 Bc6 58. h5 Ke7 59. Qe3 Qb1 60. f3 Qh1 61. Qa7+ Kd8 62. Qb8+ Ke7 63. Nc8+ Kf7 64. Qc7+ Kg8 65. Ne7+ Kf8 66. Ng6+ Kg8 67. Qd8+ 1-0

[Event "Oberliga NRW 1516"]
[Site "Germany"]
[Date "2016.01.10"]
[Round "5.4"]
[White "Schleining, Zoya"]
[Black "Hainke, Guntram"]
[Result "1-0"]
[WhiteElo "2286"]
[BlackElo "2305"]
[PlyCount "45"]
[EventDate "2015.09.27"]
[EventType "team-tourn"]
[EventRounds "9"]
[EventCountry "GER"]
[SourceTitle "EXT 2017"]
[Source "ChessBase"]
[SourceDate "2016.10.25"]
[SourceVersion "1"]
[SourceVersionDate "2016.10.25"]
[SourceQuality "1"]
[WhiteTeam "Letmathe"]
[BlackTeam "Duesseldorf"]
[WhiteTeamCountry "GER"]
[BlackTeamCountry "GER"]

1. c4 c5 2. Nf3 Nc6 3. Nc3 g6 4. e3 Nf6 5. d4 cxd4 6. exd4 d5 7. cxd5 Nxd5 8. Qb3 e6 9. Bc4 Nxc3 10. bxc3 Na5 11. Bb5+ Bd7 12. Qa4 Nc6 13. d5 exd5 14. 0-0 Be7 15. Bh6 a6 16. Bxc6 Bxc6 17. Qd4 f6 18. Rfe1 Kf7 19. Ng5+ Kg8 20. Qe3 Qd7 21. Qxe7 Qxe7 22. Rxe7 fxg5 23. Rae1 1-0